| 000 | 00888pam a2200289 a 4500 | ||
|---|---|---|---|
| 001 | 014771196 | ||
| 003 | OSt | ||
| 005 | 20131117104416.0 | ||
| 008 | 080929s2009 enk b 001 0 eng d | ||
| 020 | _a9780230202740 (cased) : | ||
| 020 | _a0230202748 (cased) : | ||
| 020 | _a9780230202757 (pbk.) : | ||
| 020 | _a0230202756 (pbk.) : | ||
| 040 |
_aStDuBDS _beng _cStDuBDS _dUk |
||
| 082 | 0 | 4 |
_a321.9 _222 _bBRO |
| 100 | 1 |
_aBrooker, Paul. _920668 |
|
| 245 | 1 | 0 |
_aNon-democratic regimes / _cPaul Brooker. |
| 250 | _a2nd ed. | ||
| 260 |
_aBasingstoke : _bPalgrave Macmillan, _cc2009. |
||
| 300 |
_aviii, 312 p. ; _c22 cm. |
||
| 490 | 0 | _aComparative government and politics | |
| 504 | _aIncludes bibliographical references and index. | ||
| 650 | 0 |
_aComparative government. _934481 |
|
| 650 | 0 |
_aAuthoritarianism. _934482 |
|
| 653 |
_bPol _cNovember2013 |
||
| 942 |
_2ddc _cBB _k321.9 BRO |
||
| 999 |
_c17765 _d17737 |
||